| 000 | 00654nam a22002297a 4500 | ||
|---|---|---|---|
| 005 | 20220816154352.0 | ||
| 008 | 211202b ||||| |||| 00| 0 eng d | ||
| 040 | _cAL | ||
| 041 | _aeng | ||
| 082 |
_223 _a658 _bSHAM |
||
| 100 |
_aSharma R K _954835 |
||
| 245 | _aManagement Principles and Applications | ||
| 260 |
_aLudhiana _bKalyani Publishers _c2021 |
||
| 300 |
_a392 p. _bPB _c24x18 cm. |
||
| 365 |
_a3763 _b₹236.00 _c₹ _d₹295.00 _e20% _f27-11-2021 |
||
| 650 |
_aNEP I SEM BBA _911139 |
||
| 650 |
_aBCOM _954836 |
||
| 700 |
_aSHARMA (R K) _911140 |
||
| 700 |
_aGUPTA (Shashi K) _911141 |
||
| 700 |
_aSHARMA (Rahul) _911142 |
||
| 942 |
_2ddc _cBK |
||
| 999 |
_c220861 _d220861 |
||